000 00648nam a2200277Ia 4500
005 20260324134207.0
008 008 260324s9999 xx 000 0 eng d
020 _a9781315039039
037 _aEBOOK
040 _aCRL
040 _beng
040 _cCRL
041 _2eng
041 _aeng
084 _qCRL
100 _aHarry Defries
_91195926
245 0 _aConservative Party Attitudes to Jews 1900-1950
260 _bTaylor and Francis
260 _c2002
365 _a
365 _b300
856 _uhttp://www.taylorfrancis.com/books/9781315039039
942 _cEBOOK
999 _c1795723
_d1795723